| 000 | 01151nam a22003257a 4500 | ||
|---|---|---|---|
| 003 | CHAP | ||
| 005 | 20220817041315.0 | ||
| 008 | 971013s1977 it r 00010 spa d | ||
| 010 | _a10927 | ||
| 011 | _a11899 | ||
| 035 | _a11681 | ||
| 040 | _cCHAP | ||
| 082 | 0 | 4 |
_a636.08 _bF21 v.5 |
| 110 | 2 | _aFAO | |
| 245 | 1 | 0 |
_aBibliografía del ganado vacuno criollo de las Américas = bibliography of the criollo cattle of the Americas _c/por B. Müller-Heye |
| 260 |
_aRoma : _bFAO, _c1977 |
||
| 300 | _a67 p. | ||
| 490 | 0 |
_aFAO. Producción y sanidad animal _v; 5 |
|
| 590 |
_aBATCH-UPD _b10 _c20130110 _lUCH01 _h1726 |
||
| 590 |
_aBATCH-UPD _b10 _c20130410 _lUCH01 _h1109 |
||
| 590 |
_aBATCH-UPD _b10 _c20130914 _lUCH01 _h1402 |
||
| 590 |
_aCONVERSION _b10 _c20130109 _lUCH01 _h1307 |
||
| 650 | 1 | 4 |
_aGanado vacuno _xBibliografía. _945438 |
| 700 | 0 |
_aMuller-Haye, Berndt. _979448 |
|
| 830 | 0 |
_aFAO. Producción y sanidad animal _v; 5 _939655 |
|
| 901 | _aBK | ||
| 942 | _cLIBRO | ||
| 949 |
_a636.08 F21 v.5 _bBC _cFAO _d33724002065504 _eFAO1 _gDonaciØn _h32778 _i11681 _st |
||
| 949 |
_a636.08 F21 v.5 _bBC _cFAO _d33724002134603 _eFAO2 _fc.2 _gDonaciØn _h49163 _i11681 _st |
||
| 999 |
_c10927 _d10927 |
||